|
|
|
|
| LEADER |
00000nab a2200000 a 4500 |
| 001 |
vtls009527057 |
| 003 |
SK-MaSNL |
| 005 |
20260303060623.0 |
| 008 |
140301c20090317xo dr|p|||||||000 b|slo |
| 015 |
|
|
|a SNBRB2009/06
|2 snkbucl
|
| 038 |
|
|
|a SNKBUCL
|
| 040 |
|
|
|a SNKBUCL
|b slo
|c SNKBUCL
|e AACR2
|
| 041 |
0 |
|
|a slo
|
| 044 |
|
|
|a xo
|c SK
|
| 080 |
|
|
|a 792.071.2
|2 2001
|
| 080 |
|
|
|a 791.44.071.2
|2 2001
|
| 080 |
|
|
|a 82:929.821.162.3
|2 2001
|
| 080 |
|
|
|a 821.162.3:929
|2 2001
|
| 080 |
|
|
|a 929 Svěrák, Zdeněk
|2 2001
|
| 100 |
1 |
|
|a Gallisová, Veronika
|4 ivr
|4 aut
|9 1034530
|
| 245 |
1 |
0 |
|a Nie všetko české musí byť "hezké"
|b oscarový dramatik. Populárny český spisovateľ, herec a textár Zdeněk Svěrák v rozhovore pre HN
|c [zhovárala sa] Veronika Gallisová
|
| 300 |
|
|
|b Fotogr.
|
| 600 |
1 |
7 |
|a Svěrák, Zdeněk,
|d 1936-
|2 snkbucl
|9 105599
|
| 700 |
1 |
|
|a Svěrák, Zdeněk,
|d 1936-
|4 ive
|9 105599
|
| 773 |
0 |
|
|t Hospodárske noviny
|g Roč. XVII., č. 52 (17.3.2009), s. 10
|x 1335-4701
|
| 852 |
|
|
|a SNK
|b KIS3GCP
|
| 958 |
|
|
|a BC
|
| 958 |
|
|
|a CZ
|
| 958 |
|
|
|a LX
|
| 999 |
|
|
|c 1732141
|d 1734071
|